000 02824nam a2200289 a 4500
003 DO-SdBNP
005 20250219114256.0
007 ta
008 220913e200? dr |||gr|||| 001 e spa d
040 _aDO-SdBNP
_bspa
_cBNPHU
082 4 _222
_a346.72930135
_bR426c, 1994
110 2 _aCentros APEC de Educación a Distancia (República Dominicana)
_923585
245 1 0 _aCódigo para la protección del niño, niña y adolescente y normativa internacional. /
260 _aSanto Domigo :
_bUNICEF,
_c1994
300 _a286 p. ;
_c26 cm.
505 _aPresentación.
_gCódigo para la protección del niño, niña y adolescente.
505 _aLibro Primero
_tTítulo I. Principios Generales.--
_tTítulo II. De los Derechos Fundamentales.--
_tTítulo III. De la Prevención.--
_gLibro Segundo.
_tTítulo I. Disposiciones Generales.--
_tTítulo II. De los Alimentos.--
_tTítulo III. De los niños, niñas y adolescentes amenazados en su Patrimonio por quienes lo administran.--
_tTítulo IV. De los niños, niñas y adolescentes que presentan discapacidades físicas, sensoriales o mentales.--
_tTítulo V. De los niños, niñas y adolescentes adictos a sustancias que producen dependencia.
_gLibro Tercero.
_tTítulo I. De la Política de Atención.--
_tTítulo II. De las Medidas de Protección.--
_tTítulo III. Del Acceso al al Justicia.--
_tTítulo VI. De la creación de una Jurisdicción Especializada de niños, niñas y adolescentes.--
_tTítulo V. Del Procedimiento.
_gLibro Cuarto
_tTítulo I. Del Organismo Rector.--
_tTítulo II. De los Crímenes y de las Infracciones.--
_gReglas de las Naciones Unidas para la PROTECCIÓN DE LOS MENORES PRIVADOS DE LIBERTAD.--
_tResolución 15/113 de la Asamblea General.--
_tAnexo: Reglas de la Asamblea General.--
_gDIRECTRICES DE RIAD. (Directrices de las Naciones Unidas para la prevención de la Delincuencia Juvenil.)
505 _aConvención Sobre los Derechos del Niño. Aprobada por la Asamblea General de las Naciones Unidas el 30 de noviembre de 1989.
_gIntroducción. Resolución 40/33 de la Asamblea General. Reglas de Beijing.
_tPrimera Parte. Principios Generales.--
_tSegunda Parte. Investigación y Procedimiento.--
_tTercera Parte. De la Sentencia y resolución.--
_tCuarta Parte. Tratamiento fura de los establecimientos penitenciarios.--
_tQuita Parte. Tratamiento en establecimientos penitenciarios.--
_tSexta Parte. Investigación. Planificación, formulación y evaluación de políticas.--
590 _aInventariado 2022 / MF
650 _aDerechos del niño
_zRepública Dominicana
_949526
650 _aMenores
_xLegislación
_zRepública Dominicana
_949527
650 _aDerecho de familia
_xLegislación
_949528
650 _aTrabajo social con niños
_xLegislación
_917172
650 _aNiños
_xSituación legal
_95138
910 _aMFeliz
942 _2ddc
_cLBS1
999 _c52385
_d52385